[Event "XXXI Festival Conca della Presolana A"]
[Site "Bratto - Castione della Presolana ITA"]
[Date "2011.08.21"]
[Round "2"]
[White "Narayanan, Srinath"]
[Black "Panchanathan, Magesh Chandran"]
[Result "0-1"]
[WhiteElo "2371"]
[BlackElo "2556"]
[PlyCount "70"]
[EventDate "2011.08.20"]

1. e4 e5 2. Nf3 Nc6 3. Bc4 Nf6 4. d3 Be7 5. O-O O-O 6. Re1 d6 7. a4 a5 8. c3
Nd7 9. d4 Nb6 10. Bb5 exd4 11. Nxd4 Nxd4 12. Qxd4 d5 13. e5 Bf5 14. Qf4 Bg6 15.
Nd2 c6 16. Bf1 Nd7 17. Nb3 Re8 18. Qg4 Bf8 19. Bf4 Qb6 20. Qd1 Nc5 21. Nxc5
Bxc5 22. Qd2 Rad8 23. Bg5 Rd7 24. Bh4 d4 25. Bc4 Bf5 26. b4 Bf8 27. Qf4 Be6 28.
bxa5 Qc5 29. Bxe6 Rxe6 30. cxd4 Rxd4 31. Qg3 Rg6 32. Qh3 Rh6 33. g3 g5 34. e6
fxe6 35. Rac1 Qd5 0-1

[Event "XXXI Festival Conca della Presolana A"]
[Site "Bratto - Castione della Presolana ITA"]
[Date "2011.08.21"]
[Round "2"]
[White "Negro, Roberto"]
[Black "Iasman, Inna"]
[Result "1-0"]
[WhiteElo "2170"]
[BlackElo "2014"]
[PlyCount "67"]
[EventDate "2011.08.20"]

1. d4 d5 2. c4 c6 3. Nf3 Nf6 4. Qc2 e6 5. Bg5 Be7 6. e3 Nbd7 7. Nc3 h6 8. Bh4
O-O 9. O-O-O a5 10. Kb1 dxc4 11. Bxc4 b5 12. Bd3 Ba6 13. Bxf6 Nxf6 14. Ne5 Qb6
15. Ne4 Rfc8 16. Nxf6+ gxf6 17. Nd7 Qd8 18. Nc5 a4 19. Qe2 Rc7 20. Rc1 Bc8 21.
Qg4+ Kh8 22. h4 Raa7 23. Qf4 Qf8 24. g4 Qg7 25. g5 fxg5 26. hxg5 Bxg5 27. Qh2
f5 28. Rcg1 e5 29. dxe5 Qe7 30. Rc1 Qf8 31. e6 Re7 32. Qe5+ Bf6 33. Qxf5 Re8
34. Nd7 1-0

[Event "XXXI Festival Conca della Presolana A"]
[Site "Bratto - Castione della Presolana ITA"]
[Date "2011.08.21"]
[Round "2"]
[White "Nepi, Ezio"]
[Black "O'Leary, Matt"]
[Result "0-1"]
[WhiteElo "1930"]
[BlackElo "1953"]
[PlyCount "96"]
[EventDate "2011.08.20"]

1. d4 Nf6 2. c4 e6 3. Nc3 d5 4. cxd5 exd5 5. Bg5 Be7 6. e3 Nbd7 7. Qc2 c6 8.
Bd3 h6 9. Bh4 O-O 10. Nge2 Ne8 11. Bg3 Ndf6 12. O-O Nd6 13. f3 Nh5 14. Bf2 f5
15. Rad1 Bh4 16. Ng3 Nxg3 17. hxg3 Bf6 18. Be1 Be6 19. Kf2 Bg5 20. Ne2 Ne4+ 21.
Bxe4 fxe4 22. f4 Be7 23. Rh1 Bg4 24. Bc3 h5 25. Rh2 Rf6 26. Rdh1 Rh6 27. Be1
Rc8 28. Qb3 Qd7 29. Nc3 Kh7 30. Nd1 c5 31. Bc3 Rb6 32. Qc2 cxd4 33. exd4 Bf6
34. Qd2 g6 35. Ne3 Kg7 36. Ke1 Rbc6 37. Rf1 b5 38. f5 Bg5 39. fxg6 Rxg6 40. Bb4
Bxe3 41. Qxe3 Rc2 42. Rf2 Rxf2 43. Qxf2 e3 44. Qf8+ Kh7 45. Be7 Qe6 46. Rh1 Rg7
47. Bf6 Rf7 48. Qh8+ Kg6 0-1

[Event "XXXI Festival Conca della Presolana A"]
[Site "Bratto - Castione della Presolana ITA"]
[Date "2011.08.21"]
[Round "2"]
[White "Pesce, Gabriele"]
[Black "Pedzich, Dominik"]
[Result "1/2-1/2"]
[WhiteElo "2177"]
[BlackElo "2418"]
[PlyCount "102"]
[EventDate "2011.08.20"]

1. e4 c5 2. Nf3 e6 3. d4 cxd4 4. Nxd4 Nf6 5. Nc3 d6 6. g4 e5 7. Bb5+ Bd7 8.
Bxd7+ Qxd7 9. Nf5 h5 10. gxh5 Nxe4 11. Nxg7+ Bxg7 12. Nxe4 d5 13. h6 dxe4 14.
Qxd7+ Kxd7 15. hxg7 Rg8 16. Rg1 Nc6 17. Be3 Ne7 18. O-O-O+ Ke6 19. Bc5 Nf5 20.
Bf8 Nd4 21. Rge1 Kf5 22. h4 f6 23. h5 Ne6 24. Rd7 Nxf8 25. gxf8=Q Raxf8 26. h6
Rg2 27. Rf1 Rh8 28. Rxb7 Rxh6 29. Kd1 e3 30. fxe3+ Ke4 31. Re1 Rhh2 32. Rc7
Rd2+ 33. Kc1 Rde2 34. Rf1 f5 35. b4 Rxe3 36. Rc4+ Kd5 37. Rc5+ Ke4 38. Rc4+ Kd5
39. Rc5+ Ke6 40. Rc6+ Kd7 41. b5 f4 42. Rg1 Rg3 43. Rd1+ Ke7 44. Rdd6 Rg5 45.
Rf6 Rhh5 46. Rce6+ Kd7 47. Ra6 Rf5 48. Rfd6+ Kc7 49. Rac6+ Kb7 50. Rd7+ Kb8 51.
Rcc7 f3 1/2-1/2

[Event "XXXI Festival Conca della Presolana A"]
[Site "Bratto - Castione della Presolana ITA"]
[Date "2011.08.21"]
[Round "2"]
[White "Podini, Francesco"]
[Black "Vezzani, Stefano"]
[Result "1/2-1/2"]
[WhiteElo "2033"]
[BlackElo "2183"]
[PlyCount "43"]
[EventDate "2011.08.20"]

1. e4 d5 2. exd5 Qxd5 3. Nc3 Qd6 4. d4 Nf6 5. Nf3 a6 6. g3 Bg4 7. Be3 e6 8. Bg2
Nc6 9. Qd2 O-O-O 10. O-O-O Qb4 11. h3 Bh5 12. g4 Bg6 13. Ng5 h6 14. Nge4 Nxe4
15. Bxe4 Bxe4 16. Nxe4 Qc4 17. Kb1 e5 18. b3 Qd5 19. Nc3 Qa5 20. Ne2 Bb4 21. c3
Be7 22. d5 1/2-1/2

[Event "XXXI Festival Conca della Presolana A"]
[Site "Bratto - Castione della Presolana ITA"]
[Date "2011.08.21"]
[Round "2"]
[White "Qendro, Llambi"]
[Black "Finocchiaro, Gianluca"]
[Result "1-0"]
[WhiteElo "2343"]
[BlackElo "2115"]
[PlyCount "69"]
[EventDate "2011.08.20"]

1. d4 Nf6 2. c4 c5 3. d5 b5 4. cxb5 a6 5. f3 d6 6. e4 g6 7. Nc3 Bg7 8. bxa6 O-O
9. Bb5 Bxa6 10. Bxa6 Nxa6 11. Nh3 Qb6 12. Qe2 Rfb8 13. Nf2 Nd7 14. O-O Bd4 15.
a4 Qb4 16. Nb5 Bg7 17. Ra3 Nb6 18. Nd3 Qa5 19. Bd2 Nb4 20. Rfa1 Nc4 21. Nxb4
cxb4 22. Qxc4 Bxb2 23. Bxb4 Qb6+ 24. Kf1 Bxa1 25. Rxa1 Rc8 26. Qe2 h5 27. Be1
Qc5 28. Bf2 Qc4 29. Be1 Qb3 30. Nd4 Qb7 31. Nc6 e6 32. Qd2 exd5 33. exd5 Re8
34. Qd3 Kh7 35. Bc3 1-0

[Event "XXXI Festival Conca della Presolana A"]
[Site "Bratto - Castione della Presolana ITA"]
[Date "2011.08.21"]
[Round "2"]
[White "Radice, Luca"]
[Black "De Florio, Federico"]
[Result "0-1"]
[WhiteElo "2021"]
[BlackElo "2176"]
[PlyCount "72"]
[EventDate "2011.08.20"]

1. d4 d5 2. c4 e6 3. Nc3 Nf6 4. Bg5 Be7 5. e3 c6 6. Nf3 Nbd7 7. Qc2 O-O 8. Rd1
b6 9. Bd3 Bb7 10. O-O Rc8 11. Ne5 h6 12. Bh4 a6 13. a3 dxc4 14. Bxc4 Nd5 15.
Bxe7 Qxe7 16. Ne4 Rfd8 17. Qe2 Nb8 18. Bd3 f5 19. Nd2 c5 20. Ndf3 b5 21. Bb1
Nf6 22. Ng6 Qe8 23. Nfe5 Nbd7 24. dxc5 Nxe5 25. Nxe5 Rxc5 26. Nf3 Bd5 27. b4
Rc3 28. Qb2 Rdc8 29. Nd4 Qg6 30. f3 Rxe3 31. Nxf5 exf5 32. Rxd5 Nxd5 33. Ba2
Qe6 34. h4 Re1 35. Rxe1 Qxe1+ 36. Kh2 Qe6 0-1

[Event "XXXI Festival Conca della Presolana A"]
[Site "Bratto - Castione della Presolana ITA"]
[Date "2011.08.21"]
[Round "2"]
[White "Rambaldi, Francesco"]
[Black "Smith, Bryan G."]
[Result "0-1"]
[WhiteElo "2206"]
[BlackElo "2503"]
[PlyCount "204"]
[EventDate "2011.08.20"]

1. e4 c5 2. Nf3 e6 3. d4 cxd4 4. Nxd4 a6 5. Bd3 Bc5 6. Nb3 Ba7 7. Qe2 Nc6 8.
O-O d6 9. Be3 Nf6 10. Bxa7 Rxa7 11. a4 e5 12. Nc3 O-O 13. Rad1 Bg4 14. f3 Qb6+
15. Qf2 Qxf2+ 16. Rxf2 Be6 17. Bf1 Bxb3 18. cxb3 Nd4 19. Bc4 Rd8 20. Rfd2 Kf8
21. Kf2 Ke7 22. Rxd4 exd4 23. Rxd4 h5 24. Bd5 Rc8 25. a5 Nd7 26. Rb4 Rc5 27.
Ra4 b5 28. Rb4 Ne5 29. Ke3 Kd7 30. Kd2 Rac7 31. f4 Nc6 32. Bxc6+ R7xc6 33. Kd3
f5 34. Rd4 h4 35. exf5 Rxf5 36. Na2 b4 37. Nxb4 Rc1 38. Nd5 Ke6 39. Ne3 Rxa5
40. Kd2 Rg1 41. f5+ Ke5 42. Rxh4 d5 43. Rg4 Raa1 44. Rxg7 d4 45. Ng4+ Kxf5 46.
Nf2 Rae1 47. Nd3 Re3 48. Rg8 Re7 49. Rf8+ Ke4 50. Rf4+ Kd5 51. Rf5+ Kd6 52. Rf2
a5 53. Rf6+ Re6 54. Rf2 Rh6 55. h3 Rg6 56. Ne1 Rg3 57. Rf4 Rxb3 58. Rxd4+ Kc5
59. Rg4 Rxb2+ 60. Kc3 Rb8 61. Nd3+ Kb6 62. Rg6+ Ka7 63. Rg5 Ra1 64. h4 a4 65.
h5 a3 66. h6 a2 67. Ra5+ Kb6 68. Ra3 Kc7 69. h7 Kd6 70. Kc2 Rg1 71. Ra6+ Ke7
72. Nc1 Rxg2+ 73. Kd3 Kf7 74. Nxa2 Rh2 75. Ra7+ Ke6 76. Ra6+ Ke5 77. Ra5+ Kf6
78. Ra6+ Kg7 79. Ra7+ Kh8 80. Nc1 Rd8+ 81. Ke3 Rd1 82. Ne2 Re1 83. Ra2 Kxh7 84.
Ra7+ Kg6 85. Ra6+ Kf5 86. Ra5+ Ke6 87. Ra6+ Kd5 88. Ra2 Kc4 89. Kf3 Rh8 90.
Ra4+ Kb3 91. Re4 Rf1+ 92. Kg2 Rf7 93. Ng3 Rg8 94. Re3+ Kc4 95. Ra3 Kd4 96. Ra4+
Ke5 97. Re4+ Kd5 98. Ra4 Rb7 99. Ra3 Rb2+ 100. Kh3 Ke5 101. Ra1 Rb3 102. Rg1
Kf4 0-1

[Event "XXXI Festival Conca della Presolana A"]
[Site "Bratto - Castione della Presolana ITA"]
[Date "2011.08.21"]
[Round "2"]
[White "Ranfagni, Stefano"]
[Black "Pantaleoni, Claudio"]
[Result "0-1"]
[WhiteElo "2006"]
[BlackElo "2166"]
[PlyCount "92"]
[EventDate "2011.08.20"]

1. e4 e5 2. Nf3 Nc6 3. Bb5 Nf6 4. Qe2 d6 5. c3 Be7 6. O-O Bd7 7. Rd1 O-O 8. d4
exd4 9. cxd4 d5 10. e5 Ne4 11. Nc3 Bf5 12. Bd3 Nxc3 13. bxc3 Bxd3 14. Qxd3 Qd7
15. Bg5 h6 16. Bxe7 Nxe7 17. Rab1 Rab8 18. h3 Ng6 19. Nh2 c6 20. Qg3 Qf5 21.
Ng4 Rfe8 22. h4 Re6 23. Ne3 Qh5 24. f4 Nxh4 25. Qf2 Nf5 26. Nxf5 Qxf5 27. g3
Rg6 28. Kh2 Rg4 29. Rb2 h5 30. Rf1 h4 31. gxh4 g6 32. Re2 Kg7 33. Re3 Rh8 34.
Rh3 Rh5 35. a4 a5 36. Kh1 Qe4+ 37. Kh2 Rf5 38. Rf3 Rh5 39. Rh3 b6 40. Qe1 Qc2+
41. Rf2 Qf5 42. Rff3 Rxf4 43. Qf2 Rhxh4 44. Qxh4 Rxh4 45. Rxf5 Rxh3+ 46. Kxh3
gxf5 0-1

[Event "XXXI Festival Conca della Presolana A"]
[Site "Bratto - Castione della Presolana ITA"]
[Date "2011.08.21"]
[Round "2"]
[White "Ranieri, Fabrizio"]
[Black "Genocchio, Daniele"]
[Result "0-1"]
[WhiteElo "2299"]
[BlackElo "2446"]
[PlyCount "78"]
[EventDate "2011.08.20"]

1. e4 c5 2. Nf3 Nc6 3. d4 cxd4 4. Nxd4 Nf6 5. Nc3 e5 6. Nf3 h6 7. Bc4 Bc5 8.
O-O O-O 9. a3 a6 10. Qd3 d6 11. b4 Ba7 12. Be3 Bg4 13. Bxa7 Rxa7 14. Nd5 b5 15.
Ba2 Nxd5 16. Bxd5 Rc7 17. Nd2 Nd4 18. f3 Rc3 19. fxg4 Rxd3 20. cxd3 Nc2 21.
Rxf7 Rxf7 22. Rf1 Qb6+ 23. Kh1 Ne3 24. Bxf7+ Kh7 25. Rf3 Nxg4 26. h3 Nf6 27.
Be6 Qc7 28. Kh2 Qc1 29. Nf1 Qxa3 30. Ng3 Qxb4 31. Nf5 Nh5 32. Ne7 Nf4 33. Bg8+
Kh8 34. Bf7 g5 35. Rg3 Ne2 36. Rf3 Qe1 37. Ng6+ Kg7 38. h4 g4 39. Rf5 Qg1# 0-1

[Event "XXXI Festival Conca della Presolana A"]
[Site "Bratto - Castione della Presolana ITA"]
[Date "2011.08.21"]
[Round "2"]
[White "Recuero Guerra, David"]
[Black "Arvola, Benjamin"]
[Result "0-1"]
[WhiteElo "2441"]
[BlackElo "2207"]
[PlyCount "74"]
[EventDate "2011.08.20"]

1. d4 Nf6 2. c4 e6 3. Nf3 b6 4. Nc3 Bb4 5. Qc2 Bb7 6. a3 Bxc3+ 7. Qxc3 O-O 8.
g3 d5 9. Bg2 dxc4 10. Qxc4 Nbd7 11. O-O c5 12. Bf4 cxd4 13. Bd6 Re8 14. Rac1
Ne4 15. Qxd4 e5 16. Nxe5 Nxd6 17. Bxb7 Nxb7 18. Nxd7 Nc5 19. Rcd1 Rxe2 20. Qg4
Qe7 21. b4 Re4 22. Qf5 Qe6 23. Qd5 Qxd5 24. Rxd5 Ne6 25. Rc1 f6 26. Kg2 Kf7 27.
Rcd1 Rc8 28. R1d2 Ke7 29. R5d3 Rd8 30. b5 Rc4 31. f4 g6 32. Nb8 Rxb8 33. Rd7+
Ke8 34. Rxh7 Rc7 35. Rh8+ Nf8 36. Rd5 Rbc8 37. h4 Kf7 0-1

[Event "XXXI Festival Conca della Presolana A"]
[Site "Bratto - Castione della Presolana ITA"]
[Date "2011.08.22"]
[Round "2"]
[White "Ricci, Marco"]
[Black "Brun, Dario"]
[Result "0-1"]
[WhiteElo "2074"]
[BlackElo "2265"]
[PlyCount "66"]
[EventDate "2011.08.20"]

1. e4 e6 2. d4 d5 3. Nd2 Nf6 4. e5 Nfd7 5. c3 c5 6. f4 Nc6 7. Ndf3 Qb6 8. Ne2
cxd4 9. cxd4 Bb4+ 10. Bd2 O-O 11. g3 f6 12. Bh3 Kh8 13. exf6 Nxf6 14. Bxb4
Qxb4+ 15. Qd2 Qb6 16. O-O Ne4 17. Qd3 Bd7 18. Rfd1 Na5 19. Ne5 Bb5 20. Qe3 Nc4
21. Nxc4 Bxc4 22. Nc3 e5 23. f5 Nxc3 24. Qxc3 Rae8 25. b3 exd4 26. Qxd4 Re1+
27. Kf2 Qxd4+ 28. Rxd4 Rxa1 29. bxc4 Rxa2+ 30. Kf3 Rxh2 31. Bg4 h5 32. Bh3 g5
33. g4 Rxh3+ 0-1

[Event "XXXI Festival Conca della Presolana A"]
[Site "Bratto - Castione della Presolana ITA"]
[Date "2011.08.21"]
[Round "2"]
[White "Sveshnikov, Evgeny E."]
[Black "Vishnu, Prasanna V."]
[Result "1/2-1/2"]
[WhiteElo "2514"]
[BlackElo "2340"]
[PlyCount "87"]
[EventDate "2011.08.20"]

1. e4 e5 2. Nf3 Nc6 3. d4 exd4 4. Nxd4 Bc5 5. Nb3 Bb6 6. a4 a6 7. Nc3 Nge7 8.
Bg5 f6 9. Bh4 O-O 10. Bc4+ Kh8 11. O-O d6 12. Nd5 Nxd5 13. Bxd5 Ne7 14. a5 Ba7
15. Nd4 Nxd5 16. exd5 Re8 17. f3 Bf5 18. Bf2 Bxd4 19. Bxd4 Qd7 20. c4 c6 21.
Bc3 cxd5 22. Qxd5 Be6 23. Qd4 Rac8 24. b3 d5 25. c5 Qb5 26. b4 Qc4 27. Qd2 Bd7
28. Rfe1 Rxe1+ 29. Rxe1 Re8 30. Rxe8+ Bxe8 31. h3 Bb5 32. Kh2 Kg8 33. Bd4 h6
34. h4 Be8 35. Kg3 Bg6 36. Kg4 Bd3 37. Qe3 Qc2 38. Qf2 Qxf2 39. Bxf2 Kf7 40.
Kf4 h5 41. g4 g6 42. Ke3 Bb5 43. Kd4 Ke6 44. Bg3 1/2-1/2

[Event "XXXI Festival Conca della Presolana A"]
[Site "Bratto - Castione della Presolana ITA"]
[Date "2011.08.21"]
[Round "2"]
[White "Sveshnikov, Vladimir"]
[Black "Stoppa, Omar"]
[Result "1-0"]
[WhiteElo "2407"]
[BlackElo "2286"]
[PlyCount "89"]
[EventDate "2011.08.20"]

1. e4 e6 2. d4 d5 3. e5 c5 4. c3 Nc6 5. Nf3 Bd7 6. Be2 f6 7. O-O Qc7 8. Re1
fxe5 9. dxe5 O-O-O 10. Bf4 h6 11. h4 g5 12. hxg5 Nge7 13. Bd3 Bg7 14. Na3 a6
15. c4 d4 16. g6 Rdf8 17. Bh2 Rhg8 18. Nc2 Be8 19. Nh4 Nxe5 20. b4 Bf6 21. Qh5
N7xg6 22. Nxg6 Nxd3 23. Bxc7 Bxg6 24. Qh2 Nxe1 25. Nxe1 d3 26. Be5 Be7 27. Rd1
Rd8 28. Qh3 Bf5 29. Qe3 Rg4 30. f4 Rdg8 31. bxc5 Rg3 32. Qd4 Rd8 33. Qf2 Rdg8
34. Qd4 Rd8 35. Bd6 Rg6 36. Nxd3 Rdg8 37. Rd2 Bf6 38. Be5 Be7 39. c6 bxc6 40.
Qb6 Kd7 41. Nb4+ Ke8 42. Nxc6 Be4 43. Nxe7 Rxg2+ 44. Rxg2 Rxg2+ 45. Kf1 1-0

[Event "XXXI Festival Conca della Presolana A"]
[Site "Bratto - Castione della Presolana ITA"]
[Date "2011.08.21"]
[Round "2"]
[White "Vrhovnik, Damir"]
[Black "Sala, Giovanni"]
[Result "1-0"]
[WhiteElo "2082"]
[BlackElo "1967"]
[PlyCount "65"]
[EventDate "2011.08.20"]

1. Nf3 c5 2. c4 g6 3. d4 cxd4 4. Nxd4 Bg7 5. e4 Nc6 6. Nb3 Nf6 7. Nc3 d6 8. Be2
O-O 9. O-O Bd7 10. Be3 Rc8 11. f3 Na5 12. Nxa5 Qxa5 13. Qd2 Rfe8 14. a3 a6 15.
b4 Qe5 16. Rac1 h5 17. Bf4 Qe6 18. Rfd1 Red8 19. Be3 Kh7 20. a4 h4 21. Bf1 Qe5
22. b5 axb5 23. Bd4 Qh5 24. cxb5 Bh6 25. Be3 b6 26. f4 Bg4 27. Re1 Rb8 28. h3
e5 29. hxg4 Nxg4 30. Be2 h3 31. Bxg4 Qxg4 32. Nd5 Kg7 33. Qf2 1-0

[Event "XXXI Festival Conca della Presolana A"]
[Site "Bratto - Castione della Presolana ITA"]
[Date "2011.08.22"]
[Round "3"]
[White "Arun Prasad, Subramanian"]
[Black "Cani, Gazmir"]
[Result "1-0"]
[WhiteElo "2489"]
[BlackElo "2114"]
[PlyCount "57"]
[EventDate "2011.08.20"]

1. d4 Nf6 2. c4 g6 3. Nf3 Bg7 4. g3 O-O 5. Bg2 d5 6. cxd5 Nxd5 7. O-O Nc6 8.
Nc3 Nb6 9. e3 Re8 10. Re1 h6 11. h3 a5 12. Qe2 a4 13. Rd1 Na5 14. e4 Nac4 15.
Ne5 Nxe5 16. dxe5 Bd7 17. e6 fxe6 18. e5 Ra5 19. Qg4 Rf8 20. Qxg6 Qe8 21. Qxe8
Bxe8 22. f4 c6 23. Rd4 a3 24. b4 Ra8 25. Ne4 Nd7 26. Rb1 b6 27. Rd3 Nxe5 28.
fxe5 Bxe5 29. Bxh6 1-0

[Event "XXXI Festival Conca della Presolana A"]
[Site "Bratto - Castione della Presolana ITA"]
[Date "2011.08.22"]
[Round "3"]
[White "Bemporad, Filippo"]
[Black "Gasperoni, Stefano"]
[Result "1/2-1/2"]
[WhiteElo "2068"]
[BlackElo "2001"]
[PlyCount "23"]
[EventDate "2011.08.20"]

1. d4 Nf6 2. Nf3 e6 3. c4 d5 4. Nc3 c6 5. e3 Nbd7 6. Bd3 Be7 7. O-O O-O 8. b3
b6 9. Bb2 Bb7 10. Rc1 Rc8 11. Qe2 c5 12. Rfd1 1/2-1/2

[Event "XXXI Festival Conca della Presolana A"]
[Site "Bratto - Castione della Presolana ITA"]
[Date "2011.08.22"]
[Round "3"]
[White "Brun, Dario"]
[Black "Attuati, Stefano"]
[Result "1-0"]
[WhiteElo "2265"]
[BlackElo "1963"]
[PlyCount "73"]
[EventDate "2011.08.20"]

1. d4 e6 2. c4 f5 3. Nc3 Nf6 4. Nf3 Be7 5. g3 d5 6. Bg2 c6 7. O-O O-O 8. Qc2
Ne4 9. Ne5 Nd7 10. Bf4 g5 11. Nxd7 Bxd7 12. Be5 Nd6 13. b3 Be8 14. Rad1 Bg6 15.
f4 Ne4 16. Nxe4 fxe4 17. Bh3 Bf5 18. g4 Bg6 19. f5 exf5 20. gxf5 Qd7 21. cxd5
cxd5 22. fxg6 Qxh3 23. Qc7 Qg4+ 24. Kh1 Qe6 25. g7 Rfc8 26. Qxb7 e3 27. Rf3 g4
28. Rf4 g3 29. Rdf1 Rd8 30. Rf7 g2+ 31. Kxg2 Qg4+ 32. Kh1 Qe4+ 33. R7f3 Re8 34.
Qd7 h6 35. Qe6+ Kh7 36. g8=Q+ Rxg8 37. Qxe7+ 1-0

[Event "XXXI Festival Conca della Presolana A"]
[Site "Bratto - Castione della Presolana ITA"]
[Date "2011.08.22"]
[Round "3"]
[White "Cebalo, Miso"]
[Black "Fedorchuk, Sergey A."]
[Result "1/2-1/2"]
[WhiteElo "2484"]
[BlackElo "2618"]
[PlyCount "30"]
[EventDate "2011.08.20"]

1. c4 Nf6 2. Nc3 e5 3. Nf3 Nc6 4. g3 d5 5. cxd5 Nxd5 6. Bg2 Nb6 7. O-O Be7 8.
a3 O-O 9. b4 Be6 10. d3 a5 11. b5 Nd4 12. Nd2 c6 13. bxc6 Nxc6 14. Rb1 a4 15.
Nc4 Nxc4 1/2-1/2

[Event "XXXI Festival Conca della Presolana A"]
[Site "Bratto - Castione della Presolana ITA"]
[Date "2011.08.22"]
[Round "3"]
[White "Cocchi, Andrea"]
[Black "Marguerettaz, Davy"]
[Result "1-0"]
[WhiteElo "2297"]
[BlackElo "2160"]
[PlyCount "57"]
[EventDate "2011.08.20"]

1. Nf3 d5 2. d4 c6 3. e3 Bf5 4. Nh4 e6 5. Nxf5 exf5 6. c4 Nf6 7. Nc3 Nbd7 8.
cxd5 Nxd5 9. Nxd5 cxd5 10. Qb3 Qb6 11. Qxd5 Bb4+ 12. Kd1 O-O-O 13. Qxf5 Rhe8
14. Be2 Kb8 15. Qb5 Qd6 16. Bf3 Nb6 17. Bd2 Bxd2 18. Kxd2 f5 19. Rae1 f4 20.
Kc2 Qg6+ 21. e4 Rxd4 22. Kb1 Red8 23. Ka1 Rd2 24. e5 Qe6 25. Rd1 g5 26. Rxd2
Rxd2 27. Rc1 Rxf2 28. Qc5 Qc4 29. Rxc4 1-0

[Event "XXXI Festival Conca della Presolana A"]
[Site "Bratto - Castione della Presolana ITA"]
[Date "2011.08.22"]
[Round "3"]
[White "Codenotti, Marco"]
[Black "Pesce, Gabriele"]
[Result "0-1"]
[WhiteElo "2323"]
[BlackElo "2177"]
[PlyCount "54"]
[EventDate "2011.08.20"]

1. e4 c5 2. Nf3 Nc6 3. d4 cxd4 4. Nxd4 Qc7 5. Nc3 e6 6. Be3 a6 7. Qd2 Nf6 8. f3
Ne5 9. O-O-O b5 10. Nb3 Bb7 11. Kb1 Be7 12. Qf2 Rc8 13. Bb6 Qb8 14. Bd4 d6 15.
g4 O-O 16. g5 Nh5 17. Ne2 Nc4 18. h4 Qc7 19. Bh3 g6 20. Ng3 Ng7 21. Rc1 a5 22.
Rhd1 e5 23. Bxc8 Rxc8 24. Bc3 Ne6 25. f4 Nxf4 26. Rd3 b4 27. Be1 a4 0-1

[Event "XXXI Festival Conca della Presolana A"]
[Site "Bratto - Castione della Presolana ITA"]
[Date "2011.08.22"]
[Round "3"]
[White "Cugini, Verter"]
[Black "Nepi, Ezio"]
[Result "1-0"]
[WhiteElo "2053"]
[BlackElo "1930"]
[PlyCount "93"]
[EventDate "2011.08.20"]

1. e4 c5 2. g3 d5 3. exd5 Qxd5 4. Nf3 Bg4 5. Bg2 Qe6+ 6. Kf1 Nc6 7. h3 Bh5 8.
d3 Qd7 9. Be3 e6 10. Nbd2 Nf6 11. Nb3 Qc7 12. g4 Bg6 13. Bxc5 Bxc5 14. Nxc5 O-O
15. Nb3 Rfd8 16. a3 Rac8 17. Rc1 Nd5 18. Nh4 Nf4 19. Nxg6 Nxg2 20. Kxg2 hxg6
21. Re1 Ne5 22. Qe2 Qc6+ 23. Qe4 Rd5 24. f3 f5 25. gxf5 exf5 26. Qe2 f4 27. Nd2
Nf7 28. Ne4 Re8 29. h4 Rh5 30. Rh1 Nd6 31. Qd2 Nxe4 32. dxe4 g5 33. c4 Qg6 34.
Rcg1 gxh4+ 35. Kh2 Qf6 36. Rg4 Rd8 37. Qg2 Rd7 38. Re1 Kh7 39. Qc2 Qe5 40. Rc1
g5 41. Rg2 Rh6 42. c5 Rc6 43. b4 b6 44. Rd1 Qe6 45. Rxg5 Kh6 46. Rg4 Kh5 47.
Qf2 1-0

[Event "XXXI Festival Conca della Presolana A"]
[Site "Bratto - Castione della Presolana ITA"]
[Date "2011.08.22"]
[Round "3"]
[White "David, Alberto"]
[Black "Bresciani, Nicola"]
[Result "1-0"]
[WhiteElo "2609"]
[BlackElo "2287"]
[PlyCount "49"]
[EventDate "2011.08.20"]

1. d4 Nf6 2. c4 e6 3. Nc3 Bb4 4. e3 b6 5. Nge2 Bb7 6. a3 Be7 7. d5 O-O 8. Ng3
d6 9. Be2 c6 10. e4 Na6 11. O-O Nc7 12. Bf3 Nd7 13. Bf4 cxd5 14. cxd5 e5 15.
Be3 g6 16. Bh6 Re8 17. Bg4 Bf8 18. Be3 Bg7 19. Be2 h5 20. Bxh5 gxh5 21. Nf5 Nf8
22. Qxh5 Ng6 23. Bg5 Qd7 24. Nxg7 Kxg7 25. Qh6+ 1-0

[Event "XXXI Festival Conca della Presolana A"]
[Site "Bratto - Castione della Presolana ITA"]
[Date "2011.08.22"]
[Round "3"]
[White "De Florio, Federico"]
[Black "Narayanan, Srinath"]
[Result "0-1"]
[WhiteElo "2176"]
[BlackElo "2371"]
[PlyCount "94"]
[EventDate "2011.08.20"]

1. d4 Nf6 2. Nf3 g6 3. Nc3 d5 4. Bf4 c6 5. e3 Bg7 6. Be2 Bg4 7. Ne5 Bxe2 8.
Qxe2 Nbd7 9. g4 O-O 10. h4 Ne4 11. Nxe4 Nxe5 12. dxe5 dxe4 13. Qc4 Qa5+ 14. b4
Qd5 15. Qxd5 cxd5 16. O-O-O Rfd8 17. Rd2 a5 18. b5 a4 19. Rhd1 e6 20. c4 Rdc8
21. Rc2 dxc4 22. Rd4 c3 23. Rxe4 Bf8 24. Rd4 Bc5 25. Rd7 Ba3+ 26. Kd1 Rd8 27.
Rxd8+ Rxd8+ 28. Ke2 Bb2 29. e4 Rd4 30. f3 Rb4 31. Be3 Rxb5 32. Bd4 Ba1 33. Kd3
Rb1 34. Bxc3 Bxc3 35. Rxc3 Rh1 36. Rc8+ Kg7 37. Rc4 b5 38. Rb4 Rxh4 39. Rxb5
Rh2 40. Ra5 Rxa2 41. g5 a3 42. Ke3 Ra1 43. Kf2 h6 44. gxh6+ Kxh6 45. Ra7 a2 46.
Kg2 Kg5 47. Kh2 Kf4 0-1

[Event "XXXI Festival Conca della Presolana A"]
[Site "Bratto - Castione della Presolana ITA"]
[Date "2011.08.22"]
[Round "3"]
[White "De Santis, Alessio"]
[Black "Negro, Roberto"]
[Result "1/2-1/2"]
[WhiteElo "2305"]
[BlackElo "2170"]
[PlyCount "73"]
[EventDate "2011.08.20"]

1. d4 Nf6 2. Bg5 e6 3. Nf3 d5 4. Nbd2 Nbd7 5. e3 c5 6. c3 Qb6 7. Rb1 Bd6 8. Be2
Qc7 9. dxc5 Qxc5 10. Qa4 O-O 11. O-O a6 12. c4 dxc4 13. Qxc4 b5 14. Qxc5 Bxc5
15. Rbc1 Bb7 16. Bxf6 gxf6 17. Nb3 Bb6 18. Nfd4 Rfc8 19. Bf3 Bxf3 20. Nxf3 Kf8
21. Rfd1 Ke7 22. Kf1 Ne5 23. Nxe5 fxe5 24. Ke2 Rxc1 25. Rxc1 Kd7 26. Nc5+ Bxc5
27. Rxc5 Kd6 28. b4 Rg8 29. g3 e4 30. Rh5 Rg7 31. Rc5 Rg8 32. a4 Rb8 33. axb5
Rxb5 34. Rxb5 axb5 35. Kd2 Kd5 36. Kc3 e5 37. h3 1/2-1/2

[Event "XXXI Festival Conca della Presolana A"]
[Site "Bratto - Castione della Presolana ITA"]
[Date "2011.08.22"]
[Round "3"]
[White "Dritsakos, Alessio"]
[Black "Gonella, Daniele"]
[Result "1/2-1/2"]
[WhiteElo "2004"]
[BlackElo "2067"]
[PlyCount "109"]
[EventDate "2011.08.20"]

1. e4 e5 2. Nf3 Nc6 3. Bb5 d6 4. O-O Nf6 5. d4 exd4 6. Nxd4 Bd7 7. Nc3 Be7 8.
b3 Nxd4 9. Qxd4 Bxb5 10. Nxb5 Nd7 11. Bf4 O-O 12. Rad1 a6 13. Nc3 Bf6 14. Qe3
Nb6 15. e5 Re8 16. Qf3 Bxe5 17. Bxe5 Rxe5 18. Qxb7 Qc8 19. Qxc8+ Rxc8 20. Rfe1
Rce8 21. Kf1 f5 22. f4 Rxe1+ 23. Rxe1 Rxe1+ 24. Kxe1 Kf7 25. Kd2 h6 26. Ke3 Ke6
27. h3 c5 28. Kd3 d5 29. g3 d4 30. Ne2 Nd5 31. a3 g5 32. c3 dxc3 33. fxg5 hxg5
34. Nxc3 Nf6 35. Kc4 Ke5 36. Kd3 Nh5 37. Ne2 f4 38. g4 Nf6 39. Ng1 Ne4 40. Kc4
Nd2+ 41. Kc3 Nb1+ 42. Kd3 Nxa3 43. Nf3+ Kf6 44. Nd2 Ke5 45. Nf3+ Kf6 46. Nd2
Nb5 47. Ne4+ Ke5 48. Nxc5 Nd4 49. b4 f3 50. Ke3 Nc2+ 51. Kxf3 Nxb4 52. Nxa6
Nxa6 53. Kg3 Nc5 54. h4 Ne4+ 55. Kh3 1/2-1/2

[Event "XXXI Festival Conca della Presolana A"]
[Site "Bratto - Castione della Presolana ITA"]
[Date "2011.08.22"]
[Round "3"]
[White "Finocchiaro, Gianluca"]
[Black "Angelini, Marco"]
[Result "1/2-1/2"]
[WhiteElo "2115"]
[BlackElo "2185"]
[PlyCount "26"]
[EventDate "2011.08.20"]

1. e4 c5 2. d4 cxd4 3. c3 d5 4. exd5 Qxd5 5. cxd4 e6 6. Nc3 Qd8 7. Nf3 Nf6 8.
Bc4 Be7 9. O-O O-O 10. Qe2 b6 11. Rd1 Bb7 12. Bg5 Nbd7 13. d5 exd5 1/2-1/2